LEADER 01171nam a2200277 i 4500 001 000000247345 003 CaOOAMICUS 005 20160112000000.0 008 160112s2015 it u000 u ita u 013 $a226250 020 $a978-88-8123-928-3 040 $aSeMil$bita 100 1 $aFrangi, Giuseppe.$0(OLS)http://semarc/name/26669 245 10$aRicchezza /$cGiuseppe Frangi, con un contributo di Luigi Galli Stampino. 260 $aMilano :$bIn Dialogo,$ccopyr. 2015. 300 $a52 p. ;$c17 cm. 490 0 $aAgape : parole per capire, ascoltare, capirsi 500 $aIn copertina : Parole per capire ascoltare capirsi. 650 4$aRicchezza - Concezione cristiana.$0(OLS)http://semarc/subject/15295 700 1 $aGalli Stampino, Pierluigi,$c.$0(OLS)http://semarc/name/93236 830 0$aAgape.$0(OLS)http://semarc/title/419752 850 $aSeMil 852 $aSeMil$W1$xVenegono$y1$m3F I 403$j197691$B197691$CSeMilBibl$Z2$F208784 $81 996 $6020$a978-88-8123-928-3$9(OLS)http://semarc/number/256614 996 $6245$aRicchezza$9(OLS)http://semarc/title/349273 996 $6260$aMilano :$bIn Dialogo$9(OLS)http://semarc/publisher/31663 LEADER 01115nam a2200277 i 4500 001 000000239567 003 CaOOAMICUS 005 20250721103150.0 008 150311s1983 it u000 u ita u 013 $a218472 040 $aSeMil$bita 100 1 $aSerenthà, Luigi,$c.$0(OLS)http://semarc/name/10583 245 10$aLaici secondo il Concilio /$cLuigi Serenthà. 260 $aRoma :$bAVE,$cstampa 1983. 300 $a27 p. ;$c22 cm. 490 0 $aProposte ;$v3 500 $aIn calce alla copertina : Azione Cattolica Italiana 650 4$aConcilio Vaticano II <1962-1965> - Laici.$0(OLS)http://semarc/subject/9827 650 4$aAzione Cattolica Italiana - Documenti.$0(OLS)http://semarc/subject/3780 830 0$aProposte ;$v3.$0(OLS)http://semarc/title/22700 850 $aSeMil 852 $aSeMil$W1$xVenegono$y1$m5D XII 21/23$j259969$B189913$CSeMilBibl$Z2$F200748 $81 961 $aFondo Serenthà mons. Luigi 996 $6245$aLaici secondo il Concilio$9(OLS)http://semarc/title/341151 996 $6260$aRoma :$bAVE$9(OLS)http://semarc/publisher/30251